Modelo de dirección estratégico-prospectivo para la competitividad sostenible de la hotelería colombiana : (Registro nro. 6358)

Detalles MARC
000 -LEADER
fixed length control field 01325nam a2200253Ia 4500
003 - CONTROL NUMBER IDENTIFIER
control field OSt
005 - DATE AND TIME OF LATEST TRANSACTION
control field 20201020131511.0
008 - FIXED-LENGTH DATA ELEMENTS--GENERAL INFORMATION
fixed length control field 191128s2012 ck ad gr 000 0 spa d
020 ## - INTERNATIONAL STANDARD BOOK NUMBER
International Standard Book Number 9789588433288
040 ## - CATALOGING SOURCE
Original cataloging agency CO-JMCR
Transcribing agency CO-JMCR
041 0# - LANGUAGE CODE
Language code of text/sound track or separate title spa
082 04 - DEWEY DECIMAL CLASSIFICATION NUMBER
Classification number 658.4012 /
Item number M672m
Edition number 23
100 1# - MAIN ENTRY--PERSONAL NAME
Personal name Moré Olivares, Elías,
Relator term autor
9 (RLIN) 11735
245 10 - TITLE STATEMENT
Title Modelo de dirección estratégico-prospectivo para la competitividad sostenible de la hotelería colombiana :
Remainder of title caso Bogotá /
Statement of responsibility, etc. Elías Moré Olivares
250 ## - EDITION STATEMENT
Edition statement Primera edición
260 ## - PUBLICATION, DISTRIBUTION, ETC.
Place of publication, distribution, etc. Bogotá :
Name of publisher, distributor, etc. Universidad Autónoma de Colombia,
Date of publication, distribution, etc. 2012.
300 ## - PHYSICAL DESCRIPTION
Extent 375 páginas :
Other physical details gráficos y diagramas ;
Dimensions 24 cm.
500 ## - GENERAL NOTE
General note Bibliografía: página [319]-329 Incluye datos biográficos y foto del autor en solapa. "Tesis doctoral sobresaliente Cum Laudem" Premio Hotur, mejor investigación en estrategia, 2011
505 0# - FORMATTED CONTENTS NOTE
Formatted contents note Planteamiento -- Modelo teórico -- Diseño de la aplicación muestral -- Evaluación sobre la misión, visión, filosofía y valores estratégicos -- Evaluando la capacidad competitiva de los hoteles -- Impacto de la política pública en la estrategia del sector
650 24 - SUBJECT ADDED ENTRY--TOPICAL TERM
Topical term or geographic name entry element Administración hotelera
9 (RLIN) 11736
650 24 - SUBJECT ADDED ENTRY--TOPICAL TERM
Topical term or geographic name entry element Planificación
Geographic subdivision Colombia
9 (RLIN) 11737
650 24 - SUBJECT ADDED ENTRY--TOPICAL TERM
Topical term or geographic name entry element Tesis y disertaciones académicas
9 (RLIN) 6755
942 ## - ADDED ENTRY ELEMENTS (KOHA)
Source of classification or shelving scheme Dewey Decimal Classification
Koha item type Books
Existencias
Withdrawn status Lost status Source of classification or shelving scheme Materials specified (bound volume or other part) Damaged status Not for loan Home library Current library Shelving location Date acquired Source of acquisition Full call number Barcode Date last seen Copy number Price effective from Koha item type
    Dewey Decimal Classification Doncación--15/04/2018--     Biblioteca Pública José María del Castillo y Rada Biblioteca Pública José María del Castillo y Rada General Stacks 11/28/2019 Donación 658.4012 / M672m 430013141 05/16/2024 Ej.1 11/28/2019 Books